000 00285nam a2200133Ia 4500
100 _aDaniels/H.R
942 _cBK
654 _aHand book
245 _aPress Brake & Shear Hand book
260 _bCahners Books
_aBoston
_c1974
082 _a621.9
300 _a186
546 _aENGLISH
999 _c20909
_d20909